|
|
|
|
| LEADER |
00000nab a2200000 a 4500 |
| 001 |
vtls000306868 |
| 003 |
SK-MaSNL |
| 005 |
20260305005454.0 |
| 008 |
111201c1988 xo 0 slo |
| 015 |
|
|
|a SNBRB19rr/mm-uuuuu
|
| 035 |
|
|
|a CL0316987
|
| 040 |
|
|
|a SNKBUCL
|b slo
|c SNKBUCL
|e AACR2
|
| 041 |
0 |
|
|a slo
|
| 044 |
|
|
|a xo
|c SK
|
| 080 |
|
|
|a 885.4-7
|2 1981
|
| 100 |
1 |
|
|a Jarunková, Klára,
|d 1922-2005
|4 aut
|9 87312
|
| 245 |
1 |
0 |
|a Prečo v VIII. B odpadol zemepis
|c Klára Jarunková ; Milan Vavro
|
| 500 |
|
|
|a Datovaná 1959.
|
| 650 |
0 |
7 |
|a satirické prózy
|2 snkbucl
|9 87871
|
| 655 |
|
7 |
|a články z novín a časopisov
|2 snkbucl
|9 267496
|
| 655 |
|
7 |
|a články z odboru literárna veda a krásna literatúra
|2 snkbucl
|9 770045
|
| 700 |
1 |
|
|a Vavro, Milan,
|d 1933-2011
|4 gup
|9 217129
|
| 773 |
0 |
|
|t Roháč
|g Roč. 41, č. 13 (1988), s. /9/
|
| 850 |
|
|
|a Slovenská národná knižnica v Martine
|a MTA001
|
| 852 |
|
|
|a SNK
|b KIS3GCP
|
| 958 |
|
|
|a RK
|
| 958 |
|
|
|a LX
|
| 992 |
|
|
|a RBX
|
| 999 |
|
|
|c 3240621
|d 3242551
|